<?xml version="1.0" encoding="UTF-8"?>
<record
    xmlns:xsi="http://www.w3.org/2001/XMLSchema-instance"
    xsi:schemaLocation="http://www.loc.gov/MARC21/slim http://www.loc.gov/standards/marcxml/schema/MARC21slim.xsd"
    xmlns="http://www.loc.gov/MARC21/slim">

  <leader>00537nam a2200181Ia 4500</leader>
  <controlfield tag="008">100921s9999    xx            000 0 und d</controlfield>
  <datafield tag="082" ind1=" " ind2=" ">
    <subfield code="b">1032</subfield>
    <subfield code="a">891.463 &#x925; 73</subfield>
  </datafield>
  <datafield tag="100" ind1=" " ind2=" ">
    <subfield code="a">&#x915;&#x930;&#x94D;&#x923;&#x93F;&#x915; &#x92E;&#x927;&#x941; &#x92E;&#x902;&#x917;&#x947;&#x936;.</subfield>
  </datafield>
  <datafield tag="245" ind1=" " ind2=" ">
    <subfield code="a">&#x915;&#x947;&#x935;&#x921;&#x93E;.</subfield>
  </datafield>
  <datafield tag="260" ind1=" " ind2=" ">
    <subfield code="b">&#x936;&#x94D;&#x930;&#x940;&#x930;&#x93E;&#x92E; &#x92A;&#x94D;&#x930;&#x915;&#x93E;&#x936;&#x928;, &#x92E;&#x941;&#x902;&#x92C;&#x908;.</subfield>
    <subfield code="c">1973</subfield>
  </datafield>
  <datafield tag="300" ind1=" " ind2=" ">
    <subfield code="a">174</subfield>
    <subfield code="b">---</subfield>
  </datafield>
  <datafield tag="365" ind1=" " ind2=" ">
    <subfield code="b">10</subfield>
  </datafield>
  <datafield tag="520" ind1=" " ind2=" ">
    <subfield code="a">&#x932;&#x932;&#x93F;&#x924;-&#x915;&#x925;&#x93E;.</subfield>
  </datafield>
  <datafield tag="630" ind1=" " ind2=" ">
    <subfield code="a">&#x915;&#x947;&#x935;&#x921;&#x93E;.</subfield>
  </datafield>
  <datafield tag="650" ind1=" " ind2=" ">
    <subfield code="a">&#x932;&#x932;&#x93F;&#x924;-&#x915;&#x925;&#x93E;.</subfield>
  </datafield>
  <datafield tag="730" ind1=" " ind2=" ">
    <subfield code="a">&#x915;&#x947;&#x935;&#x921;&#x93E;.</subfield>
  </datafield>
  <datafield tag="942" ind1=" " ind2=" ">
    <subfield code="c">BOOK</subfield>
  </datafield>
  <datafield tag="999" ind1=" " ind2=" ">
    <subfield code="c">750145</subfield>
    <subfield code="d">750142</subfield>
  </datafield>
  <datafield tag="952" ind1=" " ind2=" ">
    <subfield code="0">0</subfield>
    <subfield code="1">1</subfield>
    <subfield code="4">0</subfield>
    <subfield code="7">0</subfield>
    <subfield code="a">WAITILAKGS</subfield>
    <subfield code="b">WAITILAKGS</subfield>
    <subfield code="c">891.463 &#x925; 73</subfield>
    <subfield code="d">0000-00-00</subfield>
    <subfield code="g">10.00</subfield>
    <subfield code="l">0</subfield>
    <subfield code="p">WAITILAKGS-1032</subfield>
    <subfield code="r">2010-09-21 00:00:00</subfield>
    <subfield code="w">2010-09-21</subfield>
    <subfield code="y">BOOK</subfield>
    <subfield code="z">&#x917;&#x939;&#x93E;&#x933;</subfield>
  </datafield>
</record>
